00175nam a22000737a 4500020001500000100001800015245003100033260003700064 a0590120565 aClement Moore aThe night before Christmas aNew York bScholastic INCc 1998